[Event "Elit(Kungstornet-Eksjo)"]
[Site "?"]
[Date "2018.03.18"]
[Round "9"]
[White "Couso, Luis"]
[Black "Gustafsson, Fredrik"]
[Result "1/2-1/2"]
[WhiteElo "2109"]
[BlackElo "2276"]
[PlyCount "114"]
1. c4 Nf6 2. g3 g6 3. Bg2 d5 4. cxd5 Nxd5 5. Nc3 Nb6 6. d3 Bg7 7. Be3 Nc6 8.
Qd2 Nd4 9. Rc1 h6 10. Bxd4 Bxd4 11. Nb5 Be5 12. Nf3 Bd6 13. Nxc7+ Bxc7 14. Qc3
Kd7 15. Qd4+ Bd6 16. Bh3+ e6 17. Ne5+ Ke8 18. O-O Bxe5 19. Qxe5 f6 20. Qe4 Kf7
21. Rc5 Re8 22. Rfc1 Re7 23. a4 Nd5 24. b4 Bd7 25. b5 Rc8 26. Qd4 Rxc5 27. Rxc5
Qa5 28. e4 Nb6 29. e5 Qxa4 30. Qe3 Qa1+ 31. Bf1 Kg7 32. d4 f5 33. h4 Nd5 34.
Qd2 b6 35. Rc1 Qa5 36. Qb2 Qb4 37. Qa1 Qa5 38. Qb2 Be8 39. Bc4 Rc7 40. Bxd5
Rxc1+ 41. Qxc1 exd5 42. Qc7+ Kg8 43. h5 Qxb5 44. hxg6 Qd7 45. Qb8 Kg7 46. f4
Kxg6 47. Kh2 Kh5 48. Kh3 Qb5 49. Qd8 Qd7 50. Qh4+ Kg6 51. Qf6+ Kh7 52. e6 Qg7
53. Qxf5+ Qg6 54. Qxd5 h5 55. f5 Qg4+ 56. Kh2 Qe2+ 57. Kh3 Qg4+ 1/2-1/2

[Event "Elit(Team Viking-Rockaden,Sthlm)"]
[Site "?"]
[Date "2018.03.18"]
[Round "9"]
[White "Neiksans, Arturs"]
[Black "Goganov, Aleksey"]
[Result "0-1"]
[WhiteElo "2582"]
[BlackElo "2563"]
[PlyCount "118"]
[SourceDate "2018.03.25"]
1. e4 e5 2. Nf3 Nc6 3. Bc4 Bc5 4. c3 Nf6 5. d3 d6 6. O-O a6 7. a4 h6 8. Na3 O-O
9. Nc2 Ne7 10. d4 Ba7 11. dxe5 Nxe4 12. Be3 d5 13. Ba2 c5 14. Nd2 Bf5 15. Nxe4
Bxe4 16. f3 Bg6 17. Bf2 Nc6 18. f4 Be4 19. Ne3 c4 20. Bb1 Bxb1 21. Rxb1 Bxe3
22. Bxe3 b5 23. Qf3 bxa4 24. Rbd1 Qb8 25. Qxd5 Qb5 26. Bc5 Rfd8 27. Bd6 Rac8
28. Rd2 Qb6+ 29. Rdf2 Na7 30. Qe4 Nb5 31. Ba3 Rd3 32. f5 Nxa3 33. bxa3 Rxc3 34.
e6 fxe6 35. fxe6 Re3 36. Rb1 Qxe6 37. Qxe6+ Rxe6 38. Rc2 a5 39. Rbc1 Re4 40.
Kf2 Kf7 41. g3 Ke6 42. Rd1 Rb8 43. Rdc1 Kd5 44. Rd1+ Rd4 45. Re1 Rf8+ 46. Kg2
Rd3 47. Re7 c3 48. Rc7 Kd4 49. Kh3 Rf5 50. Re2 Rd2 51. Re8 Rc5 52. Rxg7 Rh5+
53. Kg4 Rg5+ 54. Rxg5 hxg5 55. Kxg5 Rxh2 56. Rd8+ Kc4 57. Kf4 c2 58. Rc8+ Kb3
59. Ke3 Rh1 0-1

[Event "Elit(Malmo-Upsala)"]
[Site "?"]
[Date "2018.03.18"]
[Round "9"]
[White "Johansson, Jan"]
[Black "Hillarp Persson, Tiger"]
[Result "1/2-1/2"]
[WhiteElo "2355"]
[BlackElo "2545"]
[PlyCount "64"]
1. d4 Nf6 2. c4 e6 3. Nf3 c5 4. d5 d6 5. Nc3 exd5 6. cxd5 g6 7. Bf4 Bg7 8. Qa4+
Bd7 9. Qb3 Qc7 10. h3 O-O 11. Nd2 b5 12. e3 Na6 13. Bxb5 Rab8 14. Nc4 Bxb5 15.
Nxb5 Qd7 16. a4 Nc7 17. Bxd6 a6 18. Bxf8 Bxf8 19. Ne5 Qf5 20. d6 Ncd5 21. Nc4
axb5 22. O-O Ne4 23. axb5 Ndf6 24. Ra6 h5 25. f3 Ng5 26. e4 Qf4 27. Rd1 Qg3 28.
d7 Nxh3+ 29. Kh1 Nf2+ 30. Kg1 Nh3+ 31. Kh1 Nf2+ 32. Kg1 Nh3+ 1/2-1/2

[Event "Elit(Farsta-Limhamn)"]
[Site "?"]
[Date "2018.03.18"]
[Round "9"]
[White "Johansson, Linus"]
[Black "Urkedal, Frode"]
[Result "1/2-1/2"]
[WhiteElo "2452"]
[BlackElo "2572"]
[PlyCount "104"]
1. d4 Nf6 2. c4 e6 3. Nc3 Bb4 4. e3 O-O 5. Bd3 d5 6. a3 dxc4 7. Bxh7+ Nxh7 8.
axb4 e5 9. d5 Na6 10. Nf3 Nxb4 11. O-O Re8 12. e4 Bg4 13. h3 Bxf3 14. Qxf3 Nc2
15. Ra4 Nd4 16. Qg4 b5 17. Bh6 g5 18. Ra6 Qc8 19. Qxc8 Rexc8 20. h4 b4 21. Na4
gxh4 22. Kh2 c6 23. d6 Rd8 24. Be3 Rxd6 25. Rc1 Nf6 26. f3 c3 27. bxc3 Ne2 28.
Re1 Nxc3 29. Nxc3 bxc3 30. Bc5 Rd3 31. Rxc6 c2 32. Bf2 Rd2 33. Be3 Rd1 34. Re2
Nh5 35. Rexc2 a5 36. Kh3 Rd3 37. Bc1 a4 38. Kxh4 Ng7 39. Bb2 Ra5 40. R2c5 Rxc5
41. Rxc5 f6 42. Ra5 Rd2 43. Bc1 Rxg2 44. Rxa4 Ne6 45. Be3 Kf7 46. Ra7+ Kg6 47.
Re7 Ng7 48. Ra7 Re2 49. Ra3 f5 50. Kh3 Nh5 51. Ra6+ Kf7 52. Ra7+ Kg6 1/2-1/2

[Event "Elit(Team Viking-Rockaden,Sthlm)"]
[Site "?"]
[Date "2018.03.18"]
[Round "9"]
[White "Agrest, Evgenij"]
[Black "Blomqvist, Erik"]
[Result "1/2-1/2"]
[WhiteElo "2584"]
[BlackElo "2502"]
[PlyCount "47"]
1. d4 Nf6 2. Bf4 d5 3. e3 c5 4. c3 Nc6 5. Nd2 Bg4 6. Ngf3 e6 7. Qa4 Nd7 8. Bb5
Qc8 9. Ne5 Ncxe5 10. Bxe5 a6 11. Bxd7+ Qxd7 12. Qxd7+ Kxd7 13. dxc5 f6 14. Bd6
Bxd6 15. cxd6 Kxd6 16. f3 Bh5 17. Kf2 e5 18. Rhd1 Rhd8 19. Rac1 Bf7 20. Nb3 Ke7
21. Rc2 a5 22. Nc1 b5 23. Nd3 Rac8 24. Rcc1 1/2-1/2

[Event "Elit(Malmo-Upsala)"]
[Site "?"]
[Date "2018.03.18"]
[Round "9"]
[White "Schandorff, Lars"]
[Black "Burwick, Malte"]
[Result "1-0"]
[WhiteElo "2489"]
[BlackElo "2247"]
[PlyCount "87"]
1. d4 Nf6 2. Nf3 e6 3. Bf4 b6 4. e3 Bb7 5. Nbd2 c5 6. c3 Be7 7. h3 O-O 8. Bd3
d5 9. O-O Ne4 10. Qe2 Nd7 11. Rad1 f5 12. Ne5 Nxe5 13. Bxe5 Qe8 14. f3 Nd6 15.
e4 c4 16. Bc2 f4 17. Rfe1 b5 18. exd5 Bxd5 19. Be4 Nc8 20. b3 Bh4 21. Rf1 Nb6
22. bxc4 Nxc4 23. Nxc4 bxc4 24. Rb1 Qc6 25. Rb2 Rf7 26. Rfb1 Raf8 27. Rb8 Bf6
28. Rxf8+ Rxf8 29. Bxf6 gxf6 30. Bxd5 exd5 31. Re1 Rc8 32. Qe7 Rc7 33. Qd8+ Kg7
34. Re8 Rf7 35. Rg8+ Kh6 36. Rg4 Qe6 37. Qg8 Kh5 38. Kh2 Re7 39. Qf8 f5 40.
Rxf4 Kg5 41. Rxf5+ Qxf5 42. Qxe7+ Kg6 43. Qd6+ Kf7 44. f4 1-0

[Event "Elit(Farsta-Limhamn)"]
[Site "?"]
[Date "2018.03.18"]
[Round "9"]
[White "Sammalvuo, Tapani"]
[Black "Brynell, Stellan"]
[Result "1-0"]
[WhiteElo "2418"]
[BlackElo "2418"]
[PlyCount "97"]
1. d4 Nf6 2. c4 e6 3. Nf3 d5 4. Nc3 Be7 5. Bf4 O-O 6. e3 b6 7. Rc1 Bb7 8. cxd5
Nxd5 9. Nxd5 Qxd5 10. a3 c5 11. Bc4 Qh5 12. Be2 Qd5 13. Bc4 Qh5 14. Be2 Qd5 15.
O-O cxd4 16. Rc7 Bc5 17. exd4 Na6 18. Rxb7 Qxb7 19. Bxa6 Qxa6 20. dxc5 bxc5 21.
Qc2 Rfd8 22. Qxc5 Qe2 23. Qc1 Rac8 24. Qb1 f6 25. Be3 a6 26. Nd4 Qc4 27. Rc1
Qd5 28. Re1 e5 29. Nf5 Kf7 30. Bb6 Rd7 31. b4 g6 32. Ne3 Qe6 33. Bc5 Rcd8 34.
a4 Rd3 35. a5 Qc6 36. Qc1 Qe6 37. Nc4 Kg7 38. h3 h5 39. Qc2 Qd5 40. Ne3 Qe6 41.
Bb6 R8d7 42. Qc8 Rb3 43. Qxa6 Rxb4 44. Ra1 Qc6 45. Qf1 f5 46. Qe1 Rb5 47. Rc1
Qe4 48. Nc4 Qb7 49. Nd6 1-0

[Event "Elit(Team Viking-Rockaden,Sthlm)"]
[Site "?"]
[Date "2018.03.18"]
[Round "9"]
[White "Hammer, Jon Ludvig"]
[Black "Ivanov, Sergey"]
[Result "1-0"]
[WhiteElo "2621"]
[BlackElo "2540"]
[PlyCount "69"]
1. d4 Nf6 2. c4 e6 3. Nc3 d5 4. cxd5 exd5 5. Bg5 c6 6. e3 Qb6 7. Qd2 Ne4 8.
Nxe4 dxe4 9. Ne2 Bb4 10. Nc3 Qa5 11. Bh4 Be6 12. a3 Nd7 13. Rc1 Bxc3 14. Qxc3
Qxc3+ 15. bxc3 c5 16. c4 cxd4 17. exd4 Rc8 18. Kd2 O-O 19. Be2 Rfe8 20. Rc3 f5
21. f4 Nb6 22. Rhc1 Rc7 23. d5 Bd7 24. d6 Rc5 25. Bf2 Ra5 26. c5 Nd5 27. Bc4
Bc6 28. Bh4 Rxc5 29. Ba2 Rb5 30. Rb3 e3+ 31. Ke1 Nxf4 32. Rxc6 Nxg2+ 33. Kf1
Nxh4 34. Rxe3+ Kf8 35. d7 1-0

[Event "Elit(Malmo-Upsala)"]
[Site "?"]
[Date "2018.03.18"]
[Round "9"]
[White "Thorgeirsson, Sverrir"]
[Black "Hansen, Sune Berg"]
[Result "0-1"]
[WhiteElo "2316"]
[BlackElo "2580"]
[PlyCount "92"]
1. d4 Nf6 2. c4 e6 3. Nf3 d5 4. cxd5 exd5 5. Bg5 c6 6. Qc2 Na6 7. Nc3 Nb4 8.
Qd1 Bf5 9. Rc1 Be7 10. a3 Na6 11. e3 Nc7 12. Bd3 Bxd3 13. Qxd3 O-O 14. O-O Ne6
15. Bh4 Ne8 16. Bg3 Bd6 17. Ne2 Bxg3 18. Nxg3 Nd6 19. Nd2 g6 20. b3 Qe7 21. a4
Rad8 22. Rce1 Rfe8 23. Qc3 Qf6 24. Nf3 a6 25. Qb4 Qe7 26. Qc3 Ng7 27. Ne5 h5
28. f3 Ne6 29. Ne2 Qg5 30. Qc1 Nf5 31. Nc3 c5 32. f4 Qe7 33. dxc5 Qxc5 34. Qd2
Kg7 35. Kh1 f6 36. Nf3 h4 37. Re2 Rh8 38. Nd4 Nexd4 39. exd4 Qb4 40. Rd1 Rd7
41. Qb2 Rc8 42. Na2 Qb6 43. b4 Qd6 44. Rf2 Re7 45. Kg1 Rc4 46. Nc3 Re3 0-1

[Event "Elit(Farsta-Limhamn)"]
[Site "?"]
[Date "2018.03.18"]
[Round "9"]
[White "Jepson, Christian"]
[Black "Livner, Anders"]
[Result "1/2-1/2"]
[WhiteElo "2410"]
[BlackElo "2358"]
[PlyCount "72"]
1. Nf3 d5 2. d4 Nf6 3. c4 c6 4. Nc3 dxc4 5. a4 Bf5 6. e3 e6 7. Bxc4 Bb4 8. O-O
Nbd7 9. Qe2 Bg6 10. e4 O-O 11. Bd3 Bh5 12. Bf4 Re8 13. e5 Nd5 14. Nxd5 cxd5 15.
h3 a6 16. g4 Bg6 17. h4 h6 18. h5 Bxd3 19. Qxd3 Be7 20. Kh2 Nf8 21. Qe3 Nh7 22.
Rac1 Rc8 23. Rxc8 Qxc8 24. g5 hxg5 25. Nxg5 Qc2 26. Rg1 Qf5 27. h6 Nxg5 28.
Bxg5 g6 29. f4 Bxg5 30. fxg5 Rc8 31. Rc1 Rxc1 32. Qxc1 Qf2+ 33. Kh3 Qf3+ 34.
Kh2 Qf2+ 35. Kh3 Qf3+ 36. Kh2 Qf2+ 1/2-1/2

[Event "Elit(Team Viking-Rockaden,Sthlm)"]
[Site "?"]
[Date "2018.03.18"]
[Round "9"]
[White "Berg, Emanuel"]
[Black "Barkhagen, Jonas"]
[Result "0-1"]
[WhiteElo "2549"]
[BlackElo "2425"]
[PlyCount "36"]
1. e4 e6 2. d4 d5 3. Nc3 dxe4 4. Nxe4 Bd7 5. Nf3 Bc6 6. Neg5 Bd6 7. Nxf7 Kxf7
8. Ng5+ Ke8 9. Bc4 Bd5 10. Bxd5 exd5 11. O-O Qf6 12. Re1+ Ne7 13. c4 h6 14. Ne6
dxc4 15. Qh5+ Kd7 16. Qg4 Qf5 17. Nc5+ Kc6 18. Qd1 Nd5 0-1

[Event "Elit(Malmo-Upsala)"]
[Site "?"]
[Date "2018.03.18"]
[Round "9"]
[White "Semcesen, Daniel"]
[Black "Johansson, Thomas"]
[Result "1/2-1/2"]
[WhiteElo "2481"]
[BlackElo "2216"]
[PlyCount "75"]
1. d4 Nf6 2. c4 e6 3. Nc3 Bb4 4. Qc2 c5 5. dxc5 Nc6 6. Nf3 Bxc5 7. Bg5 h6 8.
Bh4 Bb4 9. a3 Qa5 10. Bxf6 gxf6 11. Rc1 Bxc3+ 12. Qxc3 Qxc3+ 13. Rxc3 b6 14. e3
Bb7 15. Be2 Rc8 16. O-O Ke7 17. Nd2 d6 18. f4 f5 19. Kf2 Nb8 20. Rfc1 Nd7 21.
b4 Rc7 22. Nb3 Rhc8 23. Bf3 Ba6 24. Nd4 Kf6 25. Be2 d5 26. c5 Bxe2 27. Kxe2
bxc5 28. Nb5 c4 29. Nxc7 Rxc7 30. Rg1 h5 31. h3 a5 32. Rb1 a4 33. Rc2 Rb7 34.
Rg1 Ke7 35. g3 Rb8 36. Kf3 Nf6 37. Rcg2 Kd6 38. Ke2 1/2-1/2

[Event "Elit(Farsta-Limhamn)"]
[Site "?"]
[Date "2018.03.18"]
[Round "9"]
[White "Ernst, Thomas"]
[Black "Schneider, Stefan"]
[Result "1/2-1/2"]
[WhiteElo "2380"]
[BlackElo "2401"]
[PlyCount "40"]
1. e4 c6 2. d4 d5 3. Nd2 dxe4 4. Nxe4 Bf5 5. Ng3 Bg6 6. h4 h6 7. Nf3 Nd7 8. h5
Bh7 9. Bd3 Bxd3 10. Qxd3 e6 11. Bd2 Ngf6 12. O-O-O Be7 13. Qe2 O-O 14. Rhe1 a5
15. Ne5 Bb4 16. c3 Bd6 17. f4 a4 18. a3 c5 19. dxc5 Nxc5 20. Kb1 Qc7 1/2-1/2

[Event "Elit(Eksjo-Rockaden,Sthlm)"]
[Site "?"]
[Date "2018.03.17"]
[Round "8"]
[White "Barkhagen, Jonas"]
[Black "Vernersson, Per"]
[Result "1/2-1/2"]
[WhiteElo "2425"]
[BlackElo "2281"]
[PlyCount "47"]
1. b3 d5 2. Bb2 c5 3. f4 Nc6 4. e3 a6 5. Nf3 Nf6 6. Be2 e6 7. Ne5 Nxe5 8. fxe5
Nd7 9. O-O Be7 10. c4 O-O 11. cxd5 exd5 12. d4 Nb8 13. Nc3 Be6 14. Kh1 Nc6 15.
Na4 cxd4 16. exd4 Rc8 17. Rc1 Nb4 18. a3 Nc6 19. Nc5 Bxc5 20. Rxc5 f6 21. Bf3
Qd7 22. Re1 fxe5 23. dxe5 Ne7 24. Bd4 1/2-1/2

[Event "Elit(Limhamn-Kungstornet)"]
[Site "?"]
[Date "2018.03.17"]
[Round "8"]
[White "Backlund, Anders"]
[Black "Jepson, Christian"]
[Result "1/2-1/2"]
[WhiteElo "2304"]
[BlackElo "2410"]
[PlyCount "50"]
1. e4 d6 2. d4 Nf6 3. Nc3 g6 4. Nf3 Bg7 5. h3 O-O 6. Be3 c6 7. a4 Qc7 8. a5
Nbd7 9. Be2 e5 10. dxe5 Nxe5 11. Nxe5 dxe5 12. Bc4 Nh5 13. O-O Nf4 14. Qf3 Be6
15. Bxe6 Nxe6 16. Na4 Rfd8 17. c3 c5 18. b3 b5 19. axb6 axb6 20. c4 Nd4 21.
Bxd4 cxd4 22. Nb2 Qe7 23. Nd3 Ra3 24. Rxa3 Qxa3 25. Rb1 Ra8 1/2-1/2

[Event "Elit(Eksjo-Rockaden,Sthlm)"]
[Site "?"]
[Date "2018.03.17"]
[Round "8"]
[White "Gajic, Mladen"]
[Black "Bator, Robert"]
[Result "1/2-1/2"]
[WhiteElo "2312"]
[BlackElo "2398"]
[PlyCount "79"]
1. d4 d5 2. c4 c6 3. cxd5 cxd5 4. Nc3 Nf6 5. f3 Qb6 6. e4 dxe4 7. fxe4 e5 8.
Bb5+ Nc6 9. d5 Bb4 10. Qd3 a6 11. Ba4 Qa5 12. Bd1 Nd4 13. Bd2 Nb5 14. Rc1 Nxc3
15. Bxc3 Bd7 16. a3 Bxc3+ 17. Rxc3 Rc8 18. b4 Qb6 19. Rxc8+ Bxc8 20. Ba4+ Bd7
21. Bxd7+ Nxd7 22. Nf3 O-O 23. Ke2 Rc8 24. Rd1 a5 25. Rb1 axb4 26. Rxb4 Qg6 27.
Kf2 h6 28. g3 Nc5 29. Qe3 f5 30. Nxe5 Qh5 31. Kg2 Nxe4 32. Rb2 Re8 33. Qf3
Qxf3+ 34. Nxf3 Rd8 35. Rxb7 Rxd5 36. a4 Ra5 37. Nd4 Nc5 38. Rb8+ Kh7 39. Rb5
Rxa4 40. Rxc5 1/2-1/2

[Event "Elit(Limhamn-Kungstornet)"]
[Site "?"]
[Date "2018.03.17"]
[Round "8"]
[White "Penalver, Osmani"]
[Black "Andersson, Fredrik"]
[Result "1/2-1/2"]
[WhiteElo "2251"]
[BlackElo "2277"]
[PlyCount "67"]
1. d4 d5 2. c4 e6 3. Nc3 Be7 4. Nf3 Nf6 5. Bg5 O-O 6. e3 h6 7. Bh4 Ne4 8. Bxe7
Qxe7 9. cxd5 Nxc3 10. bxc3 exd5 11. Qb3 c6 12. c4 dxc4 13. Bxc4 Nd7 14. O-O Nb6
15. a4 Nxc4 16. Qxc4 Be6 17. Qc5 Qxc5 18. dxc5 Rfd8 19. Nd4 Bc4 20. Rfc1 Ba6
21. Rc3 Rd5 22. g4 h5 23. h3 g6 24. f4 hxg4 25. hxg4 Re8 26. Kf2 g5 27. fxg5
Ree5 28. Rac1 Rxg5 29. Kf3 Rge5 30. Kf4 f6 31. Nf3 Re7 32. Nd4 Ree5 33. Nf3 Re7
34. Nd4 1/2-1/2

[Event "Elit(Eksjo-Rockaden,Sthlm)"]
[Site "?"]
[Date "2018.03.17"]
[Round "8"]
[White "Karlsson, Lars"]
[Black "Rothen, Hakan"]
[Result "1/2-1/2"]
[WhiteElo "2455"]
[BlackElo "2273"]
[PlyCount "77"]
1. b3 d5 2. Bb2 Nf6 3. e3 c5 4. f4 Nc6 5. Bb5 Bd7 6. Nf3 e6 7. O-O Bd6 8. Bxc6
Bxc6 9. Ne5 O-O 10. Rf3 Bxe5 11. Bxe5 Nd7 12. Bb2 f6 13. Rh3 Rf7 14. d3 e5 15.
f5 a5 16. a4 Nf8 17. Nd2 g6 18. fxg6 hxg6 19. Qe2 Rh7 20. Rxh7 Nxh7 21. Rf1 Qd7
22. e4 Re8 23. exd5 Bxd5 24. Ne4 Qc6 25. Qg4 Bxe4 26. dxe4 Kg7 27. Rd1 Nf8 28.
c4 Qc8 29. Qxc8 Rxc8 30. Rd6 Kf7 31. Rb6 Rc7 32. Bc3 Nd7 33. Rd6 b6 34. h4 Ke7
35. Rd5 Rc8 36. g4 Rh8 37. Be1 Nf8 38. g5 Nd7 39. gxf6+ 1/2-1/2

[Event "Elit(Limhamn-Kungstornet)"]
[Site "?"]
[Date "2018.03.17"]
[Round "8"]
[White "Glimbrant, Torbjorn"]
[Black "Haubro, Martin"]
[Result "1/2-1/2"]
[WhiteElo "2274"]
[BlackElo "2306"]
[PlyCount "157"]
1. e4 e5 2. Nf3 Nc6 3. Bb5 a6 4. Ba4 Nf6 5. O-O Be7 6. Re1 b5 7. Bb3 d6 8. c3
O-O 9. h3 Bb7 10. d4 Nd7 11. Nbd2 exd4 12. cxd4 Bf6 13. Nf1 Re8 14. Ng3 g6 15.
Bf4 Na5 16. Bc2 c5 17. Bxd6 cxd4 18. Bf4 Nc4 19. Rb1 d3 20. Qxd3 Nxb2 21. Qe2
Nc5 22. Be3 Nba4 23. Bxc5 Nxc5 24. Qe3 Qe7 25. Qf4 Rac8 26. e5 Bg7 27. Ne4 Nxe4
28. Bxe4 Rc4 29. Nd2 Ra4 30. Qf3 Bc8 31. Bd5 Bf5 32. Rbd1 Qc7 33. Ne4 Bxe4 34.
Rxe4 Rxe4 35. Bxe4 Bxe5 36. g3 Re7 37. Kg2 a5 38. h4 h5 39. Rd5 b4 40. Rb5 Qc3
41. Rxa5 Qe1 42. Bd3 Kg7 43. Rd5 Qc1 44. Bb5 Bc3 45. Rd1 Qb2 46. Bc4 Bd4 47.
Kg1 Bc5 48. Qf4 Qc2 49. Bb3 Qe2 50. Kg2 Qa6 51. Bc4 Qa7 52. Rd3 Qb7+ 53. Bd5
Qc7 54. Qxc7 Rxc7 55. Bb3 f5 56. Rd8 Re7 57. Kf1 f4 58. Rd5 Rc7 59. gxf4 Be7
60. f5 Bxh4 61. fxg6 Kxg6 62. Bd1 Bg5 63. Rd6+ Bf6 64. Bxh5+ Kxh5 65. Rxf6 Rc2
66. Rf4 Rxa2 67. Rxb4 Kg5 68. Kg2 Kf6 69. Kg3 Ra3+ 70. f3 Ra5 71. Rb6+ Kf7 72.
Kg4 Kg7 73. f4 Kf7 74. Rb7+ Kf6 75. Rb8 Kf7 76. f5 Ra1 77. Rb7+ Kf6 78. Rb6+
Kf7 79. Rb7+ 1/2-1/2

[Event "Elit(Eksjo-Rockaden,Sthlm)"]
[Site "?"]
[Date "2018.03.17"]
[Round "8"]
[White "Gustafsson, Fredrik"]
[Black "Engqvist, Thomas"]
[Result "1/2-1/2"]
[WhiteElo "2109"]
[BlackElo "2344"]
[PlyCount "55"]
1. e4 e5 2. Nc3 Bc5 3. Nf3 d6 4. d4 exd4 5. Nxd4 Nc6 6. Be3 Bb6 7. Qd2 Nxd4 8.
Bxd4 Bxd4 9. Qxd4 Qf6 10. O-O-O Qxd4 11. Rxd4 Nf6 12. Nb5 Kd8 13. e5 Ng4 14.
exd6 c6 15. Be2 Nf6 16. Nc7 Rb8 17. Bc4 Rf8 18. Re1 b5 19. Bf1 c5 20. Rd2 a6
21. c4 b4 22. Re5 Nd7 23. Re7 Rb6 24. Re3 Nb8 25. Re5 Nd7 26. Re3 Nb8 27. Re5
Nd7 28. Re3 1/2-1/2

[Event "Elit(Limhamn-Kungstornet)"]
[Site "?"]
[Date "2018.03.17"]
[Round "8"]
[White "Hansen, Mads"]
[Black "Couso, Luis"]
[Result "1-0"]
[WhiteElo "2396"]
[BlackElo "2276"]
[PlyCount "93"]
1. e4 c5 2. Nf3 d6 3. Bb5+ Bd7 4. Bxd7+ Qxd7 5. c4 Nf6 6. Nc3 g6 7. d4 cxd4 8.
Nxd4 Bg7 9. f3 O-O 10. Be3 Rc8 11. b3 e6 12. Rc1 Nc6 13. O-O d5 14. Nxc6 bxc6
15. e5 Ne8 16. Bf4 Qe7 17. Qe2 Qb4 18. Na4 Rd8 19. Bd2 Qa3 20. Ba5 Rdc8 21. Rc2
Qe7 22. f4 f6 23. Qe3 Nc7 24. Kh1 fxe5 25. fxe5 Rf8 26. Rcf2 Rxf2 27. Rxf2 dxc4
28. bxc4 Rb8 29. g3 Na6 30. Kg2 Rf8 31. Be1 Rxf2+ 32. Bxf2 Qb4 33. Nc3 Qxc4 34.
Qxa7 Bxe5 35. Qa8+ Kf7 36. Qb7+ Nc7 37. Nb1 Qxa2 38. Qxc6 Qxb1 39. Qd7+ Kf6 40.
Qd8+ Kf7 41. Qd7+ Kf6 42. Qd8+ Kf5 43. Qf8+ Bf6 44. g4+ Kg5 45. Bh4+ Kxg4 46.
h3+ Kxh4 47. Qh6# 1-0

[Event "Elit(LASK-Team Viking)"]
[Site "?"]
[Date "2018.03.17"]
[Round "8"]
[White "Goganov, Aleksey"]
[Black "Kulaots, Kaido"]
[Result "0-1"]
[WhiteElo "2591"]
[BlackElo "2563"]
[PlyCount "64"]
[SourceDate "2018.03.24"]
1. Nf3 Nf6 2. g3 g6 3. b3 Bg7 4. Bb2 d6 5. Bg2 e5 6. O-O O-O 7. c4 Re8 8. Nc3
c6 9. d3 d5 10. cxd5 cxd5 11. b4 d4 12. Na4 Na6 13. a3 Nc7 14. Rc1 Ncd5 15. Nc5
b6 16. Nb3 Bb7 17. Nbd2 Qd7 18. Nc4 Ng4 19. Qb3 Rad8 20. Rfe1 b5 21. Na5 Ba8
22. h3 Nxf2 23. Kxf2 Ne3 24. Qa2 e4 25. dxe4 Rxe4 26. Rc5 Nxg2 27. Kxg2 Rde8
28. Bc1 d3 29. e3 Bd4 30. Nb3 Bxe3 31. Kh2 Bg1+ 32. Nxg1 Rxe1 0-1

[Event "Elit(Stockholms SS-Malmo)"]
[Site "?"]
[Date "2018.03.17"]
[Round "8"]
[White "Hansen, Sune Berg"]
[Black "Lokander, Martin"]
[Result "1-0"]
[WhiteElo "2580"]
[BlackElo "2397"]
[PlyCount "99"]
1. e4 c6 2. d4 d5 3. exd5 cxd5 4. Bd3 Nc6 5. c3 Qc7 6. Ne2 Bg4 7. O-O e6 8. Qe1
Be7 9. Nd2 Bh5 10. Nb3 Bg6 11. Bf4 Qb6 12. Nec1 Nf6 13. Qe2 Nh5 14. Bd2 Qc7 15.
g3 O-O 16. Re1 Bd6 17. Bxg6 hxg6 18. Nd3 Nf6 19. Bf4 Bxf4 20. Nxf4 Rfe8 21. Nd3
Nd7 22. Qf3 b6 23. Re3 Ne7 24. Re2 Nf5 25. Nd2 e5 26. dxe5 d4 27. c4 Nc5 28.
Rae1 Rad8 29. Nxc5 bxc5 30. Qd3 Re6 31. Nf3 Rde8 32. g4 Nh6 33. h3 Qd8 34. b4
cxb4 35. Qxd4 f5 36. exf6 Qxd4 37. Nxd4 Rxe2 38. Rxe2 Rxe2 39. Nxe2 gxf6 40.
Nd4 Nf7 41. Nc6 Nd6 42. Nxa7 Nxc4 43. Nc6 g5 44. Nxb4 Na3 45. Kg2 Kf7 46. Kf3
Ke6 47. Ke4 Nb5 48. Kd3 Ke5 49. a4 Nd6 50. a5 1-0

[Event "Elit(Farsta-Upsala)"]
[Site "?"]
[Date "2018.03.17"]
[Round "8"]
[White "Thorgeirsson, Sverrir"]
[Black "Sammalvuo, Tapani"]
[Result "0-1"]
[WhiteElo "2316"]
[BlackElo "2418"]
[PlyCount "74"]
1. d4 Nf6 2. c4 e6 3. Nf3 b6 4. a3 Ba6 5. Qc2 Bb7 6. Nc3 c5 7. dxc5 Bxc5 8. Bg5
O-O 9. e4 h6 10. Bh4 Be7 11. Be2 d6 12. Rd1 Nbd7 13. Bg3 Qb8 14. Nd4 a6 15. O-O
Nc5 16. Bf3 Rc8 17. Rfe1 Ncd7 18. Be2 Ne5 19. b3 b5 20. f4 Nc6 21. Nxc6 Bxc6
22. f5 exf5 23. exf5 Qb6+ 24. Kh1 Qb7 25. Bf1 bxc4 26. bxc4 d5 27. Qa2 Ne4 28.
Nxd5 Bxd5 29. cxd5 Nc3 30. Qa1 Nxd1 31. Rxd1 Qd7 32. d6 Bf6 33. Qb1 Rc5 34. Bd3
Rd5 35. Rc1 Rc8 36. Bxa6 Rxc1+ 37. Qxc1 Qc6 0-1

[Event "Elit(LASK-Team Viking)"]
[Site "?"]
[Date "2018.03.17"]
[Round "8"]
[White "Antonsen, Mikkel"]
[Black "Berg, Emanuel"]
[Result "1-0"]
[WhiteElo "2447"]
[BlackElo "2549"]
[PlyCount "129"]
1. d4 Nf6 2. c4 g6 3. Nc3 Bg7 4. e4 d6 5. h3 O-O 6. Be3 c5 7. Nf3 Qa5 8. Bd3
cxd4 9. Nxd4 Nc6 10. O-O Bd7 11. Nb3 Qd8 12. c5 Be6 13. cxd6 exd6 14. Nd4 Nxd4
15. Bxd4 Qa5 16. Qf3 Nd7 17. Bxg7 Kxg7 18. Qg3 Ne5 19. Be2 Qb6 20. Rad1 Rac8
21. Rd2 Nc4 22. Bxc4 Rxc4 23. Qxd6 Qxd6 24. Rxd6 b5 25. Nxb5 Rb4 26. Nd4 Bxa2
27. b3 a5 28. Ra1 Bxb3 29. Rxa5 Rb7 30. Kh2 Re8 31. e5 Ree7 32. f4 Bc4 33. f5
Red7 34. f6+ Kh6 35. Nf3 g5 36. Rxd7 Rxd7 37. Nxg5 Bd5 38. h4 Kg6 39. g4 Bc6
40. Ra2 h6 41. e6 hxg5 42. exd7 Bxd7 43. h5+ Kxf6 44. Kg3 Kg7 45. Ra6 Be6 46.
Rd6 Kf6 47. Kf3 Kg7 48. Rd8 Kh7 49. Rd1 Kg7 50. Rg1 Bd5+ 51. Ke3 Be6 52. Ke4
Bc8 53. Ke5 Be6 54. Rg3 Bc8 55. Rg1 Be6 56. Rg3 Bc8 57. Kd6 Kf6 58. Kc7 Be6 59.
Kd8 Kg7 60. Ke7 Bc8 61. h6+ Kxh6 62. Kxf7 Bxg4 63. Rxg4 Kh5 64. Rg1 g4 65. Kf6
1-0

[Event "Elit(Stockholms SS-Malmo)"]
[Site "?"]
[Date "2018.03.17"]
[Round "8"]
[White "Hauge, Lars Oskar"]
[Black "Hillarp Persson, Tiger"]
[Result "0-1"]
[WhiteElo "2436"]
[BlackElo "2545"]
[PlyCount "112"]
1. e4 c5 2. Nc3 a6 3. Nf3 e6 4. d4 cxd4 5. Nxd4 b5 6. Bd3 Qb6 7. Nf3 Qc7 8. O-O
Bb7 9. Re1 Be7 10. e5 f5 11. Nh4 g6 12. Nf3 Nc6 13. a4 b4 14. Nb1 Kf8 15. Nbd2
Na5 16. Nb3 Nxb3 17. cxb3 Kg7 18. Bf4 Nh6 19. Rc1 Qd8 20. Nd4 Re8 21. Bc4 Bf8
22. Qd3 Nf7 23. Red1 Qe7 24. Bg3 Kh8 25. f4 Rec8 26. Re1 a5 27. Rcd1 Be4 28.
Qd2 Qd8 29. Nb5 Bc6 30. Bf2 g5 31. Be3 gxf4 32. Bxf4 Qh4 33. Bg3 Bc5+ 34. Kh1
Qh3 35. Bf1 Rg8 36. Rc1 Rxg3 37. Rxc5 Rag8 38. Rxc6 dxc6 39. Nd6 Nd8 40. Ne8
Qh4 41. Nf6 Nf7 42. Nxg8 Rxg8 43. Bc4 Rd8 44. Qe3 f4 45. Qe2 Ng5 46. Rf1 f3 47.
gxf3 Qf4 48. Qg2 Rd2 49. Qg3 Qxg3 50. hxg3 Rxb2 51. f4 Ne4 52. Rg1 Nd2 53. Be2
Nxb3 54. Bg4 Nd4 55. Rd1 c5 56. Rc1 b3 0-1

[Event "Elit(Farsta-Upsala)"]
[Site "?"]
[Date "2018.03.17"]
[Round "8"]
[White "Urkedal, Frode"]
[Black "Johansson, Thomas"]
[Result "1-0"]
[WhiteElo "2572"]
[BlackElo "2216"]
[PlyCount "57"]
1. d4 d5 2. c4 c6 3. Nf3 Nf6 4. Nc3 a6 5. e3 g6 6. Bd3 Bg7 7. O-O O-O 8. b3 Bg4
9. h3 Bxf3 10. Qxf3 e6 11. Bb2 Nbd7 12. Rfd1 Re8 13. Qe2 Rc8 14. Qf1 Qb6 15.
Rac1 dxc4 16. Bxc4 Nd5 17. Ne4 Bf8 18. Qe2 Qd8 19. Qf3 Qh4 20. g3 Qxh3 21.
Qxf7+ Kxf7 22. Ng5+ Kg8 23. Nxh3 N7f6 24. Bd3 Bh6 25. Re1 Ng4 26. Rcd1 e5 27.
e4 Nb4 28. Be2 Nf6 29. dxe5 1-0

[Event "Elit(LASK-Team Viking)"]
[Site "?"]
[Date "2018.03.17"]
[Round "8"]
[White "Agrest, Evgenij"]
[Black "Dragicevic, Drazen"]
[Result "1/2-1/2"]
[WhiteElo "2584"]
[BlackElo "2339"]
[PlyCount "111"]
1. d4 Nf6 2. Bf4 d5 3. e3 Bf5 4. c4 e6 5. Nc3 c6 6. Qb3 b6 7. Nf3 Bd6 8. Bg5 h6
9. Bh4 O-O 10. Rc1 Nbd7 11. cxd5 cxd5 12. Ba6 Qe7 13. O-O g5 14. Bg3 Bxg3 15.
hxg3 Ne8 16. Rfe1 Nb8 17. Bf1 Qb7 18. Qa3 a6 19. Na4 Nd7 20. Ne5 Nef6 21. Qd6
Qb8 22. Qxb8 Rfxb8 23. Nxd7 Nxd7 24. Rc7 b5 25. Nc5 Nxc5 26. Rxc5 Rc8 27. Rec1
Rxc5 28. Rxc5 Bb1 29. a3 Ra7 30. Rc1 Bg6 31. Rc8+ Kg7 32. f3 Kf6 33. Kf2 Ke7
34. Ke1 Kd7 35. Rc3 Rc7 36. Kd2 Rxc3 37. Kxc3 Kc6 38. a4 bxa4 39. Bxa6 Kb6 40.
Bc8 Kc7 41. Ba6 Kb6 42. Bf1 Ka5 43. g4 f6 44. g3 Be8 45. Bd3 h5 46. gxh5 Bxh5
47. g4 Be8 48. Bh7 e5 49. Bg8 Bc6 50. Be6 Bb7 51. Bd7 Ba8 52. Be8 Bb7 53. Bf7
Bc6 54. Be6 Bb7 55. Bd7 Ba8 56. Be6 1/2-1/2